000
00263nam a22001097a 4500
082
_a
515.07 MAT'O
100
_a
ORGANISATION FOR ECONOMIC
_9
80498
245
_a
MATHEMATICAL EDUCATION OF ENGINEERS
260
_a
AUSTRIS
_b
OECD
_c
1961
300
_a
207P
942
_c
BK
999
_c
585422
_d
585422